000 00512nam a2200181Ia 4500
005 20250508162910.0
008 008 250505s9999 xx 000 0 eng d
037 _aTextual
040 _aFEDL
_beng
_cFEDL
041 _aeng
_2eng
084 _a327, DHA
_qFEDL
100 _aDharamdasani M. D.
245 0 _aAntarrastriya rajniti : Seddhantik Addhyan
260 _aVaranasi, India
_bShalimar Publishing House
_c1991
300 _a285p.
942 _cTEXL
_h327, DHA
999 _c1379311
_d1379311